00630nam a2200181 a 4500003000400000005001700004008004100021040002400062041000800086082001800094111006100112245006200173260008100235300001000316518006200326653003100388653002900419OSt20131010190842.0131010s1993 ag ||||| |||| 10| 0 spa d cBiblioteca Medicina aspa bCONGRESOS 0202 aAsociacion Argentina de Farmacia y Bioquimica Industrial00aVI Congreso Argentino de Farmacia y Bioquimica Industrial aBuenos AiresbAsociacion Argentina de Farmacia y Bioquimica Industrialc1993 a52 p. aBuenos Aires, Argentina. 30 de mayo al 5 de junio de 1993 aFARMACEUTICA-CONGRESO-1993 aBIOQUIMICA-CONGRESO-1993